Geography Quiz

Random Geography or State Quiz

States' Largest Cities Quiz Stats

 Plays Quiz Updated Jan 24, 2019

     
Support Sporcle.
Go Orange.
Score 0/148 Timer 15:00
22 Plays Today
State City % Correct
CaliforniaLos Angeles
92.7%
New YorkNew York City
90%
IllinoisChicago
88.4%
ArizonaPhoenix
88.3%
FloridaMiami
88.2%
ColoradoDenver
88%
GeorgiaAtlanta
86.7%
CaliforniaSan Diego
85.2%
NevadaLas Vegas
84.8%
MassachusettsBoston
82.6%
HawaiiHonolulu
82.5%
TexasDallas
82.2%
MichiganDetroit
81.9%
LouisianaNew Orleans
81.8%
TexasHouston
81.6%
KansasKansas City
81.4%
MissouriKansas City
81.4%
IndianaIndianapolis
81.4%
ArkansasLittle Rock
80.1%
PennsylvaniaPhiladelphia
80%
MississippiJackson
79.9%
WashingtonSeattle
78.6%
UtahSalt Lake City
78.2%
OklahomaOklahoma City
77.5%
AlaskaJuneau
76.8%
MainePortland
76.5%
OregonPortland
76.5%
IdahoBoise
75.6%
AlaskaAnchorage
74.7%
MinnesotaMinneapolis
74.6%
PennsylvaniaPittsburgh
74.3%
TennesseeNashville
73.6%
MarylandBaltimore
73.5%
GeorgiaColumbus
73.2%
OhioColumbus
73.2%
OhioCleveland
72.5%
MinnesotaSaint Paul
71.2%
FloridaTampa
70.9%
FloridaJacksonville
70.7%
IowaDes Moines
70.1%
TexasSan Antonio
69.7%
LouisianaBaton Rouge
68.8%
DelawareDover
67.4%
North CarolinaRaleigh
67.3%
Rhode IslandProvidence
66.7%
NevadaReno
66.3%
MassachusettsSpringfield
66.2%
MissouriSpringfield
66.2%
TennesseeMemphis
65.9%
New YorkBuffalo
65.7%
State City % Correct
AlabamaBirmingham
65.3%
ConnecticutStamford
64.2%
KentuckyLouisville
63.6%
South CarolinaCharleston
63.2%
West VirginiaCharleston
63.2%
OhioCincinnati
62.9%
NebraskaLincoln
62.8%
AlabamaMontgomery
62.7%
MissouriSt. Louis
62.7%
North CarolinaCharlotte
61.2%
WisconsinMadison
59.9%
CaliforniaSan Jose
59.1%
GeorgiaAugusta
59.1%
DelawareNewark
59.1%
New JerseyNewark
59.1%
WisconsinMilwaukee
59%
NebraskaOmaha
57.2%
WyomingCheyenne
56.7%
South CarolinaColumbia
54.5%
ColoradoColorado Springs
54.1%
ArizonaTucson
53.7%
OregonSalem
53.2%
New MexicoAlbuquerque
52.3%
AlabamaHuntsville
49.3%
New HampshireConcord
48.3%
North DakotaBismarck
48.1%
OklahomaTulsa
47.2%
KentuckyLexington
46.7%
New JerseyJersey City
46.5%
AlaskaFairbanks
46%
MinnesotaRochester
45.6%
New YorkRochester
45.6%
WisconsinGreen Bay
44%
TennesseeKnoxville
43.2%
North DakotaFargo
42.7%
VirginiaVirginia Beach
42.5%
ConnecticutNew Haven
42%
KansasWichita
41.2%
DelawareWilmington
40.1%
MontanaBillings
40%
WashingtonTacoma
37.2%
MichiganGrand Rapids
35.9%
ArizonaMesa
35.8%
South DakotaSioux Falls
35%
UtahProvo
35%
VermontBurlington
34.9%
OregonEugene
34.1%
ColoradoAurora
33.6%
IllinoisAurora
33.6%
WashingtonSpokane
33.4%
State City % Correct
VirginiaNorfolk
32.9%
MaineBangor
32.5%
New HampshireManchester
32.1%
IndianaFort Wayne
31.5%
ConnecticutBridgeport
30%
LouisianaShreveport
29.3%
MassachusettsWorcester
28.5%
North CarolinaGreensboro
28.3%
IowaCedar Rapids
27.3%
ArkansasFayetteville
26.9%
NevadaHenderson
25.1%
IllinoisJoliet
24.8%
PennsylvaniaAllentown
23.5%
OklahomaNorman
22.2%
WyomingCasper
21.9%
MontanaMissoula
21.3%
IowaDavenport
21.2%
West VirginiaMorgantown
20.6%
IndianaEvansville
20.4%
South DakotaRapid City
20.1%
New MexicoLas Cruces
19.3%
New HampshireNashua
18.2%
ArkansasFort Smith
17.9%
VirginiaChesapeake
17.3%
MontanaGreat Falls
16.8%
VermontSouth Burlington
16.5%
KansasOverland Park
16.4%
West VirginiaHuntington
16.1%
New JerseyPaterson
16%
MississippiGulfport
15.3%
Rhode IslandWarwick
15.1%
North DakotaGrand Forks
14.9%
IdahoNampa
13.9%
WyomingGillette
13.5%
MichiganWarren
13%
South CarolinaNorth Charleston
12.9%
KentuckyBowling Green
12.8%
MaineLewiston
12.5%
MarylandGaithersburg
11.9%
IdahoMeridian
11.9%
UtahWest Valley City
11.6%
Rhode IslandCranston
10.9%
MississippiSouthaven
10.8%
South DakotaAberdeen
10.7%
NebraskaBellevue
10.3%
MarylandFrederick
8.5%
New MexicoRio Rancho
6.6%
VermontRutland
6.5%

From the Vault

Tricky-Clicky Minute: Musical Instruments

by EsteeSo

Anything is an instrument if you bang it hard enough.
Remove Ads.
Support Sporcle.
Get the best of Sporcle when you Go Orange. This ad-free experience offers more features, more stats, and more fun while also helping to support Sporcle. Thank you for becoming a member.

Show Comments

Extras

Top Quizzes Today


Score Distribution

Your Account Isn't Verified!

In order to create a playlist on Sporcle, you need to verify the email address you used during registration. Go to your Sporcle Settings to finish the process.

Report this User

Report this user for behavior that violates our Community Guidelines.

Details: